[Event "Pardubice Czech op 22nd"]
[Site "Pardubice"]
[Date "2011.07.25"]
[Round "4"]
[White "Hoellmann, Ludger"]
[Black "Overbeck, Thorsten"]
[Result "0-1"]
[WhiteElo "2143"]
[BlackElo "2285"]
[PlyCount "80"]
[EventDate "2011.07.22"]
[EventType "swiss"]
[EventRounds "9"]
[EventCountry "CZE"]
[SourceTitle "CBM 143 Extra"]
[Source "ChessBase"]
[SourceDate "2011.08.29"]
[SourceVersion "1"]
[SourceVersionDate "2011.08.29"]
[SourceQuality "1"]

1. d4 d5 2. Bf4 c5 3. e3 Nc6 4. Nf3 Nf6 5. c3 Qb6 6. Qb3 c4 7. Qxb6 axb6 8. Nbd2 b5 9. Ne5 b4 10. e4 e6 11. Be2 Nd7 12. exd5 exd5 13. Nxc6 bxc6 14. 0-0 bxc3 15. bxc3 Ba3 16. Rab1 0-0 17. Rfe1 Ba6 18. Bd1 Bb5 19. Nf3 Rfe8 20. Rxe8+ Rxe8 21. Kf1 f6 22. Bc2 Ra8 23. Nd2 g6 24. Ke2 Kf7 25. h4 Be7 26. Rb2 Ba3 27. Rb1 Be7 28. Rb2 Ke6 29. Nf3 Ra3 30. Nd2 Rxc3 31. Nb1 Rb3 32. axb3 c3+ 33. Bd3 cxb2 34. Bxb5 cxb5 35. Kd3 Kf5 36. Be3 Kg4 37. g3 f5 38. Kc2 Nb8 39. Bf4 Nc6 40. f3+ Kh3 0-1

[Event "Rhein Main op-A 14th"]
[Site "Bad Homburg"]
[Date "2011.06.26"]
[Round "7"]
[White "Overbeck, Thorsten"]
[Black "Seifert, Christopher"]
[Result "1-0"]
[WhiteElo "2285"]
[BlackElo "2193"]
[PlyCount "65"]
[EventDate "2011.06.22"]
[EventType "swiss"]
[EventRounds "7"]
[EventCountry "GER"]
[SourceTitle "EXT 2012"]
[Source "ChessBase"]
[SourceDate "2011.11.24"]
[SourceVersion "1"]
[SourceVersionDate "2011.11.24"]
[SourceQuality "1"]

1. d4 d6 2. Nf3 Bg4 3. c4 c6 4. Nc3 Nd7 5. g3 Bxf3 6. exf3 g6 7. Bg2 Bg7 8. Be3 h5 9. h4 Nh6 10. Bh3 Qa5 11. Qd3 Nf5 12. Bxf5 Qxf5 13. Qxf5 gxf5 14. 0-0-0 0-0-0 15. Rhe1 Rde8 16. Kc2 Nb6 17. b3 d5 18. c5 Nd7 19. f4 Rh6 20. b4 Rg6 21. b5 Nf6 22. Rb1 Ng4 23. bxc6 bxc6 24. Rb4 Rd8 25. Ne2 Re6 26. Kd3 Rd7 27. Reb1 Rc7 28. Rb8+ Kd7 29. Rg8 Rg6 30. Rbb8 Ke6 31. a4 Bf6 32. Rgd8 a5 33. Nc1 1-0

[Event "Rhein Main op-A 14th"]
[Site "Bad Homburg"]
[Date "2011.06.24"]
[Round "4"]
[White "Hasangatin, Ramil"]
[Black "Overbeck, Thorsten"]
[Result "1-0"]
[WhiteElo "2515"]
[BlackElo "2285"]
[PlyCount "81"]
[EventDate "2011.06.22"]
[EventType "swiss"]
[EventRounds "7"]
[EventCountry "GER"]
[SourceTitle "EXT 2012"]
[Source "ChessBase"]
[SourceDate "2011.11.24"]
[SourceVersion "1"]
[SourceVersionDate "2011.11.24"]
[SourceQuality "1"]

1. d4 d5 2. Bg5 h6 3. Bh4 c6 4. Nc3 Bf5 5. e3 Nd7 6. Bd3 Bxd3 7. cxd3 Qb6 8. Rb1 e6 9. Nf3 Be7 10. Bg3 Ngf6 11. 0-0 0-0 12. b4 Rfc8 13. Na4 Qd8 14. h3 a5 15. b5 c5 16. b6 cxd4 17. Nxd4 Nc5 18. Nb5 Nxa4 19. Qxa4 Qd7 20. Rfc1 Rxc1+ 21. Rxc1 Ne8 22. Nc3 Qd8 23. Qb5 Nd6 24. Bxd6 Qxd6 25. Na4 Qa3 26. Rc7 Bd6 27. Qd7 Bxc7 28. bxc7 Qxa2 29. Qd8+ Rxd8 30. cxd8Q+ Kh7 31. Qxa5 Qb1+ 32. Kh2 Qxd3 33. Qb4 Qc2 34. f4 Qf2 35. Qb6 h5 36. Nb2 f6 37. Nd3 Qe2 38. Qd4 b6 39. Nb4 Qe1 40. Qxb6 g5 41. Qxe6 1-0

[Event "Main Vogelsberg op 6th"]
[Site "Hanau"]
[Date "2011.06.04"]
[Round "5"]
[White "Overbeck, Thorsten"]
[Black "Willems, Matthias"]
[Result "1-0"]
[WhiteElo "2265"]
[BlackElo "1943"]
[PlyCount "103"]
[EventDate "2011.06.02"]
[EventType "swiss"]
[EventRounds "7"]
[EventCountry "GER"]
[SourceTitle "CBM 142 Extra"]
[Source "ChessBase"]
[SourceDate "2011.06.27"]
[SourceVersion "1"]
[SourceVersionDate "2011.06.27"]
[SourceQuality "1"]

1. d4 d6 2. Nf3 Nf6 3. c4 Nbd7 4. Nc3 c6 5. e4 e5 6. Be2 Be7 7. 0-0 0-0 8. Qc2 a6 9. Rd1 Qc7 10. Rb1 b5 11. b4 Bb7 12. a4 bxc4 13. dxe5 Nxe5 14. Nxe5 dxe5 15. Bxc4 Rfd8 16. Rxd8+ Rxd8 17. Qb3 Bf8 18. Bg5 Qe7 19. f3 h6 20. Be3 Nh5 21. Ne2 g5 22. b5 axb5 23. axb5 cxb5 24. Qxb5 Bc8 25. Nc3 Nf6 26. Qa5 Rd7 27. Rb5 Qa3 28. Qxa3 Bxa3 29. Rxe5 Bb2 30. Rc5 Bb7 31. Nb5 Ba6 32. Kf2 Kg7 33. Be2 Ne8 34. Bc4 Nf6 35. Ke2 Nh5 36. g3 Nf6 37. e5 Ng8 38. f4 gxf4 39. gxf4 Ne7 40. Nd6 Ba3 41. Bxa6 Bxc5 42. Bxc5 Nd5 43. Kf3 Kg8 44. Bc4 Rc7 45. Bxd5 Rxc5 46. Bxf7+ Kf8 47. e6 Ke7 48. Ne4 Ra5 49. Ng3 Rb5 50. Kg4 Rb4 51. Nf5+ Kf8 52. Bh5 1-0

[Event "Main Vogelsberg op 6th"]
[Site "Hanau"]
[Date "2011.06.03"]
[Round "3"]
[White "Guth, Susanne"]
[Black "Overbeck, Thorsten"]
[Result "0-1"]
[WhiteElo "1569"]
[BlackElo "2265"]
[PlyCount "78"]
[EventDate "2011.06.02"]
[EventType "swiss"]
[EventRounds "7"]
[EventCountry "GER"]
[SourceTitle "CBM 142 Extra"]
[Source "ChessBase"]
[SourceDate "2011.06.27"]
[SourceVersion "1"]
[SourceVersionDate "2011.06.27"]
[SourceQuality "1"]

1. e4 c5 2. Nf3 e6 3. g3 Nc6 4. d3 d5 5. Nbd2 Bd6 6. Bg2 Nge7 7. 0-0 0-0 8. Re1 Qc7 9. exd5 exd5 10. d4 c4 11. c3 Bf5 12. Nh4 Be6 13. Nf1 Qd7 14. Be3 b5 15. Qd2 b4 16. Bf4 Rab8 17. Bxd6 Qxd6 18. Rab1 Rb6 19. Ne3 Rfb8 20. Qc2 Ra6 21. Nhf5 Nxf5 22. Nxf5 Qd7 23. Ne3 Rxa2 24. f4 f6 25. Qd1 Ra6 26. Qf3 Ne7 27. Nc2 bxc3 28. bxc3 Rxb1 29. Rxb1 Rc6 30. Nb4 Rb6 31. Ra1 Qb7 32. Ra5 Rb5 33. Ra6 Rxb4 34. Rxe6 Rb1+ 35. Bf1 Rb6 36. Qe3 Rxe6 37. Qxe6+ Kf8 38. Qd6 Ke8 39. Qe6 Qb2 0-1

[Event "Oberliga Ost-B 1011"]
[Site "Germany"]
[Date "2011.04.09"]
[Round "10.2"]
[White "Wehner, Janis"]
[Black "Overbeck, Thorsten"]
[Result "0-1"]
[WhiteElo "2198"]
[BlackElo "2308"]
[PlyCount "48"]
[EventDate "2010.10.24"]
[EventType "team-tourn"]
[EventRounds "11"]
[EventCountry "GER"]
[SourceTitle "EXT 2012"]
[Source "ChessBase"]
[SourceDate "2011.11.24"]
[SourceVersion "1"]
[SourceVersionDate "2011.11.24"]
[SourceQuality "1"]
[WhiteTeam "Erfurt Medizin"]
[BlackTeam "Neuberg"]
[WhiteTeamCountry "GER"]
[BlackTeamCountry "GER"]

1. e4 c6 2. d4 d5 3. e5 Bf5 4. Nf3 e6 5. Be2 Nd7 6. 0-0 Ne7 7. Nh4 c5 8. c4 Bxb1 9. Rxb1 dxc4 10. Nf3 Nc6 11. d5 exd5 12. Qxd5 Ndxe5 13. Qe4 Bd6 14. Nxe5 Bxe5 15. Bxc4 0-0 16. Bd5 Re8 17. Qf3 Qc7 18. Bxc6 bxc6 19. g3 Bd4 20. Bf4 Qb6 21. Rfc1 Re6 22. Rc2 Rae8 23. Kg2 Qa6 24. Rbc1 Re1 0-1

[Event "Oberliga Ost-B 1011"]
[Site "Germany"]
[Date "2011.03.20"]
[Round "9.2"]
[White "Overbeck, Thorsten"]
[Black "Khairullin, Ildar"]
[Result "0-1"]
[WhiteElo "2308"]
[BlackElo "2620"]
[PlyCount "90"]
[EventDate "2010.10.24"]
[EventType "team-tourn"]
[EventRounds "11"]
[EventCountry "GER"]
[SourceTitle "EXT 2012"]
[Source "ChessBase"]
[SourceDate "2011.11.24"]
[SourceVersion "1"]
[SourceVersionDate "2011.11.24"]
[SourceQuality "1"]
[WhiteTeam "Neuberg"]
[BlackTeam "Wiesbaden"]
[WhiteTeamCountry "GER"]
[BlackTeamCountry "GER"]

1. d4 Nf6 2. c4 e6 3. Nc3 Bb4 4. e3 b6 5. Nge2 c5 6. a3 Ba5 7. Rb1 Na6 8. g3 Bb7 9. d5 b5 10. Bg2 bxc4 11. 0-0 0-0 12. e4 exd5 13. e5 Ng4 14. Nxd5 Nxe5 15. Bf4 Nc6 16. Bd6 Re8 17. Nef4 Bc7 18. Nxc7 Nxc7 19. Bxc5 Na5 20. Bxb7 Nxb7 21. Qd4 d5 22. Bb4 Re4 23. Qd2 a5 24. Bc3 Nc5 25. f3 Nb3 26. Qf2 Re8 27. Rbd1 Qd6 28. Ne2 Ne6 29. Nd4 Nexd4 30. Bxd4 Re6 31. Rfe1 Rae8 32. Rxe6 Rxe6 33. Kf1 h6 34. Qc2 Qc6 35. Qc3 f6 36. Bf2 d4 37. Bxd4 Qd5 38. Kf2 Kh8 39. h3 Rd6 40. Ke3 Re6+ 41. Kf2 Rd6 42. Ke3 Nxd4 43. Rxd4 Qe5+ 44. Re4 Rd3+ 45. Qxd3 Qg5+ 0-1

[Event "Oberliga Ost-B 1011"]
[Site "Germany"]
[Date "2011.02.27"]
[Round "8.2"]
[White "Vettel, Matthias"]
[Black "Overbeck, Thorsten"]
[Result "1/2-1/2"]
[WhiteElo "2280"]
[BlackElo "2308"]
[PlyCount "96"]
[EventDate "2010.10.24"]
[EventType "team-tourn"]
[EventRounds "11"]
[EventCountry "GER"]
[SourceTitle "EXT 2012"]
[Source "ChessBase"]
[SourceDate "2011.11.24"]
[SourceVersion "1"]
[SourceVersionDate "2011.11.24"]
[SourceQuality "1"]
[WhiteTeam "Moerlenbach"]
[BlackTeam "Neuberg"]
[WhiteTeamCountry "GER"]
[BlackTeamCountry "GER"]

1. Nf3 d5 2. c4 c6 3. e3 Nf6 4. Nc3 e6 5. b3 Bd6 6. Bb2 Nbd7 7. Qc2 Qe7 8. Nd4 c5 9. Nde2 dxc4 10. bxc4 b6 11. Ne4 Bc7 12. N2c3 Bb7 13. Nxf6+ Nxf6 14. Qa4+ Qd7 15. Qxd7+ Kxd7 16. Nb5 Bb8 17. f3 a6 18. Nc3 Rd8 19. 0-0-0 Ke7 20. Be2 Bc7 21. g4 Nd7 22. d3 Bc6 23. d4 cxd4 24. exd4 Nf6 25. Kb1 Bf4 26. h4 h6 27. Rhg1 Be3 28. g5 Nh5 29. Ba3+ Ke8 30. Rg4 hxg5 31. d5 f5 32. Rg2 Nf4 33. Rh2 exd5 34. cxd5 Nxd5 35. Nxd5 Rxd5 36. Rxd5 Bxd5 37. hxg5 Kf7 38. Bd3 Kg6 39. Re2 Bf4 40. Bb2 Rd8 41. Re7 Bxa2+ 42. Kxa2 Rxd3 43. Rxg7+ Kh5 44. Bf6 Rxf3 45. Rh7+ Kg6 46. Rg7+ Kh5 47. Rh7+ Kg6 48. Rg7+ Kh5 1/2-1/2

[Event "Oberliga Ost-B 1011"]
[Site "Germany"]
[Date "2011.02.05"]
[Round "6.1"]
[White "Overbeck, Thorsten"]
[Black "Wendel, Stephan"]
[Result "1-0"]
[WhiteElo "2308"]
[BlackElo "2269"]
[PlyCount "111"]
[EventDate "2010.10.24"]
[EventType "team-tourn"]
[EventRounds "11"]
[EventCountry "GER"]
[SourceTitle "EXT 2012"]
[Source "ChessBase"]
[SourceDate "2011.11.24"]
[SourceVersion "1"]
[SourceVersionDate "2011.11.24"]
[SourceQuality "1"]
[WhiteTeam "Neuberg"]
[BlackTeam "Frankfurt BvK"]
[WhiteTeamCountry "GER"]
[BlackTeamCountry "GER"]

1. d4 d5 2. c4 c6 3. Nf3 Nf6 4. e3 g6 5. Nc3 Bg7 6. cxd5 cxd5 7. Bb5+ Nc6 8. Ne5 Qd6 9. Qa4 Bd7 10. Nxd7 Nxd7 11. 0-0 0-0 12. Bd2 Nb6 13. Qc2 Rac8 14. Rfd1 e5 15. dxe5 Bxe5 16. h3 a6 17. Bf1 Rfd8 18. Be1 Qe6 19. Rac1 Kg7 20. Qb1 d4 21. exd4 Bxd4 22. Ne2 Be5 23. Rxd8 Rxd8 24. b3 Nd5 25. Rd1 Qf6 26. Qe4 Qe6 27. g3 Nf6 28. Qc2 Nd4 29. Nxd4 Rxd4 30. Bg2 b6 31. Rc1 h5 32. h4 Rd6 33. Bb4 Rd7 34. Re1 Rd8 35. Qe2 Re8 36. Qxa6 Ng4 37. Qd3 Qf6 38. Qf3 Rc8 39. Qxf6+ Kxf6 40. Bf3 Rc2 41. Re2 Rc1+ 42. Kg2 Bd4 43. Be7+ Kg7 44. Re4 Rc2 45. Bxg4 Rxf2+ 46. Kg1 Rf4+ 47. Rxd4 Rxd4 48. Bf3 Rd2 49. b4 Rxa2 50. b5 Rd2 51. Bg5 Rd3 52. Kf2 f6 53. Be3 Rd6 54. Bc6 Kf7 55. Bxb6 g5 56. Bc7 1-0

[Event "Staufer op 23rd"]
[Site "Leinzell"]
[Date "2011.01.05"]
[Round "8"]
[White "Ikonnikov, Vyacheslav"]
[Black "Overbeck, Thorsten"]
[Result "1/2-1/2"]
[WhiteElo "2580"]
[BlackElo "2310"]
[PlyCount "98"]
[EventDate "2011.01.02"]
[EventType "swiss"]
[EventRounds "9"]
[EventCountry "GER"]
[SourceTitle "CBM 140 Extra"]
[Source "ChessBase"]
[SourceDate "2011.03.01"]
[SourceVersion "1"]
[SourceVersionDate "2011.03.01"]
[SourceQuality "1"]

1. d4 d5 2. Nf3 Nf6 3. c4 c6 4. Nc3 dxc4 5. a4 Bf5 6. e3 e6 7. Bxc4 Bb4 8. 0-0 0-0 9. Qe2 Bg6 10. Ne5 Nbd7 11. Nxg6 hxg6 12. f4 Qa5 13. Bd2 c5 14. d5 exd5 15. Bxd5 Nxd5 16. Nxd5 Rfe8 17. Bxb4 cxb4 18. Qb5 Qxb5 19. axb5 Re4 20. Rfc1 Nf6 21. Nxf6+ gxf6 22. Rc7 a5 23. Rxb7 Rxe3 24. b6 Re6 25. b3 Kg7 26. Rd1 Ra6 27. Rdd7 Rexb6 28. Rxf7+ Kg8 29. Rg7+ Kh8 30. Rh7+ Kg8 31. Rbg7+ Kf8 32. Rc7 Kg8 33. Rhg7+ Kf8 34. h4 f5 35. h5 gxh5 36. Rcf7+ Ke8 37. Rxf5 a4 38. Rxh5 Kf8 39. Rd7 Kg8 40. Rg5+ Kf8 41. Rc5 Rb8 42. bxa4 b3 43. Rf5+ Kg8 44. Rg5+ Kh8 45. Rd3 Kh7 46. Rd7+ Kh6 47. Rd3 Kh7 48. Rd7+ Kh6 49. Rd3 Kh7 1/2-1/2